«Հայ-ֆրանսիական գրապատմական առընչութիւններ» խորագրով աշնանային գիտական նստաշրջան : (Record no. 526652)
[ view plain ]
| 000 -LEADER | |
|---|---|
| fixed length control field | 01412nam a2200217 a 4500 |
| 001 - CONTROL NUMBER | |
| control field | 1656476 |
| 003 - CONTROL NUMBER IDENTIFIER | |
| control field | AM-YEHGA |
| 005 - DATE AND TIME OF LATEST TRANSACTION | |
| control field | 20250618080108.0 |
| 008 - FIXED-LENGTH DATA ELEMENTS--GENERAL INFORMATION | |
| fixed length control field | 191014s2019 ai ||||gr|||||||||0|arm|d |
| 020 ## - INTERNATIONAL STANDARD BOOK NUMBER | |
| International Standard Book Number | 9789939605807 |
| 040 ## - CATALOGING SOURCE | |
| Original cataloging agency | AM-YeHGA |
| 041 0# - LANGUAGE CODE | |
| Language code of text/sound track or separate title | arm |
| 090 ## - LOCALLY ASSIGNED LC-TYPE CALL NUMBER (OCLC); LOCAL CALL NUMBER (RLIN) | |
| -- | 564268 |
| 245 01 - TITLE STATEMENT | |
| Title | «Հայ-ֆրանսիական գրապատմական առընչութիւններ» խորագրով աշնանային գիտական նստաշրջան : |
| Remainder of title | (Երեւան, 1 նոյեմբեր, 2018) / |
| Statement of responsibility, etc. | Գլխաւոր խմբ.՝ Սուրէն Դանիէլեան; Պատ. խմբ.՝ Քնարիկ Աբրահամեան; Խ. Աբովեանի անուան հայկական պետական մանկավարժական համալսարան, Բանասիրական բաժանմունք, Վ. Պարտիզունու ան. հայ նոր եւ նորագոյն գրականութեան եւ նրա դասաւանդման մեթոդիկայի ամբիոն ; «Սփիւռք» գիտաուսումնական կենտրոն. |
| 260 ## - PUBLICATION, DISTRIBUTION, ETC. | |
| Place of publication, distribution, etc. | Երեւան : |
| Name of publisher, distributor, etc. | «ՎՄՎ-ՊՐԻՆՏ», |
| Date of publication, distribution, etc. | 2019. |
| 300 ## - PHYSICAL DESCRIPTION | |
| Extent | 144 էջ ; |
| Dimensions | 20 սմ. |
| 504 ## - BIBLIOGRAPHY, ETC. NOTE | |
| Bibliography, etc. note | Տողատակում՝ մատենագիտական ծանոթագրություններ: Հոդվածներից հետո՝ ամփոփում: |
| 650 14 - SUBJECT ADDED ENTRY--TOPICAL TERM | |
| Topical term or geographic name entry element | Հայ գրականություն |
| 700 1# - ADDED ENTRY--PERSONAL NAME | |
| Personal name | Դանիելյան, Սուրեն Դավթի, |
| Relator term | խմբ. |
| Relationship | edt |
| Dates associated with a name | 1948- |
| 9 (RLIN) | 3282 |
| 942 ## - ADDED ENTRY ELEMENTS (KOHA) | |
| Source of classification or shelving scheme | Universal Decimal Classification |
| Koha item type | Գրքեր / Books |
| Withdrawn status | Lost status | Damaged status | Not for loan | Collection | Home library | Current library | Date acquired | Total checkouts | Full call number | Barcode | Date last seen | Price effective from | Koha item type | Public note |
|---|---|---|---|---|---|---|---|---|---|---|---|---|---|---|
| General | Fundamental Scientific Library | Fundamental Scientific Library | 16/12/2022 | AII/109118 | FL0677764 | 16/12/2022 | 16/12/2022 | Գրքեր / Books | 30 Days Loan |
ՀՀ Գիտությունների ազգային ակադեմիայի հիմնարար գիտական գրադարան = Fundamental Scientific Library of NAS RA
All site content, except where otherwise noted, is licensed under a